Ч. 1. Ограночное сырье; Огранка самоцветов

Bibliografiske detaljer
Parent link:Огранка самоцветов: [в 2-х частях]/ В. Н. Андреев. Ч. 1. Ограночное сырье.— , 1957-1958
Andre forfattere: Шафрановский И. И. (редактор)
Sprog:russisk
Udgivet: 1957
Fag:
Format: MixedMaterials Bog
KOHA link:https://koha.lib.tpu.ru/cgi-bin/koha/opac-detail.pl?biblionumber=120592

MARC

LEADER 00000nam2a2200000 4500
001 120592
005 20231031125059.0
035 |a (RuTPU)RU\TPU\book\130582 
090 |a 120592 
100 |a 20070901d1957 m y0rusy50 ca 
101 0 |a rus 
102 |a RU 
105 |a a z 001zy 
200 0 |a Ч. 1. Ограночное сырье  |f под ред. И. И. Шафрановского 
210 |d 1957 
215 |a 159 с.  |c ил. 
320 |a Литература: с. 143-144. 
461 1 |0 (RuTPU)RU\TPU\book\134910  |t Огранка самоцветов  |o [в 2-х частях]  |f В. Н. Андреев  |v Ч. 1. Ограночное сырье  |d 1957-1958 
610 1 |a огранка 
610 1 |a самоцветы 
610 1 |a ограночное сырье 
610 1 |a классификация 
610 1 |a химический состав 
610 1 |a механические свойства 
610 1 |a подделки 
610 1 |a подмены 
610 1 |a имитация 
610 1 |a приемы 
610 1 |a методы 
610 1 |a браки 
675 |a 679.87  |v 3 
702 1 |a Шафрановский  |b И. И.  |4 340 
801 1 |a RU  |b 63413507  |c 20070901  |g PSBO 
801 2 |a RU  |b 63413507  |c 20071106  |g PSBO 
942 |c BK